Género, familias y trabajo: rupturas y continuidades. Desafíos para la investigación política /
En el artículo se propone que la relación entre familia y trabajo ha aparecido como una nueva preocupación motorizada por el gran aumento de la fuerza de trabajo femenina, que en las últimas décadas en Argentina comprometió sobre todo a mujeres casadas y unidas con cargas de familia. Se dice además,...
Salvato in:
| Autore principale: | |
|---|---|
| Altri autori: | |
| Natura: | testo |
| Pubblicazione: |
Buenso Aires:
CLACSO
|
| Soggetti: | |
| Tags: |
Aggiungi Tag
Nessun Tag, puoi essere il primo ad aggiungerne!!
|
MARC
| LEADER | 00000 a a2200000 04500 | ||
|---|---|---|---|
| 001 | 36014 | ||
| 003 | |||
| 040 | |||
| 020 | |a 978-987-1183-72-2 | ||
| 090 | |a 1004 G984g | ||
| 100 | |a Gutiérrez, María Alicia | ||
| 245 | |a Género, familias y trabajo: rupturas y continuidades. Desafíos para la investigación política / |c María Alicia Gutiérrez | ||
| 260 | |a Buenso Aires: |b CLACSO | ||
| 300 | |a 244 p. | ||
| 520 | |a En el artículo se propone que la relación entre familia y trabajo ha aparecido como una nueva preocupación motorizada por el gran aumento de la fuerza de trabajo femenina, que en las últimas décadas en Argentina comprometió sobre todo a mujeres casadas y unidas con cargas de familia. Se dice además, que actualmente son muchas las mujeres que entran y permanecen en el mercado de trabajo, casi como los varones, cualquiera sea su situación familiar | ||
| 650 | |a MATRIMONIO | ||
| 650 | |a PATERNIDAD | ||
| 650 | |a GENERO | ||
| 650 | |a MUJERES | ||
| 650 | |a HIJOS | ||
| 650 | |a JORNADA LABORAL | ||
| 650 | |a ACTIVIDADES DOMESTICAS | ||
| 700 | |a comp. |a Aguirre, Rosario |a Arriagada, Irma |a Batthyány, Karina |a Bucheli, Marisa |a Filgueira, Carlos |a Fuller, Norma |a García, Brígida |a Coleta Oliveira, Maria |a Oliveira, Orlandina de |a Wainerman, Catalina | ||
| 999 | |c 17378 |d 17378 | ||



